Wortquadrate - Statistiken

Allgemein
  • Dieses Quiz wurde 279 mal gespielt
  • Das Durchschnittsergebnis liegt bei 11 aus 15
Antwortstatistiken
Hint Antwort % Korrekt
Nadelbaum Tanne
96%
Haustier Katze
94%
Wasserstellen in der Wüste Oasen
92%
Fluss in Europa Rhein
91%
körperliche Betätigung mit Leistungsanspruch Sport
88%
europ. Hauptstadt in der Landessprache Praha
82%
kastriertes männliches Rind Ochse
75%
Behauptung These
68%
Krebstier Assel
62%
unparteiischer Jurist Notar
59%
echt; anständig reell
58%
Angehöriger eines Volkes in Spanien und Frankreich Baske
56%
gefallsüchtig eitel
52%
asiatisches Gebirge Altai
46%
Präposition statt
46%
Keine übereinstimmenden Quizze gefunden
Verteilung der Resultate
Anzahl Personen mit jedem Resultat
Perzentil nach korrekt beantworteten Fragen
Ihre Resultats-Entwicklung
Sie haben dieses Quiz noch nicht gespielt